=LDR 00000nam 2200000 4500 =001 INLIS000000000041385 =005 20130612150925 =008 ***********************************ind** =035 ##$$0010-061300000041385 =041 ##$$a ind =082 ##$$a 523.4 =090 ##$$a 523.4, Rab h =100 ##$$a Rabolu, V.M =245 ##$$a Hercolubus or red planet, V.M. Rabolu =260 ##$$a 2003 $b Cordobo =300 ##$$a 54 hlm, 18 cm =650 ##$$a Planet =850 ##$$a NNT-CD